| 000 | 00716nam a22002172a 4500 | ||
|---|---|---|---|
| 020 | _a9786273101613 | ||
| 040 | _cNSHSPK | ||
| 082 |
_a618.920025 _bKHI |
||
| 100 | 1 |
_aKhichi, Muhammad Aslam _9126854 |
|
| 245 | 1 |
_aPocket guide : _bemergency pediatrics / _cMuhammad Aslam Khichi. |
|
| 246 | 1 | 0 | _aEmergency pediatrics |
| 250 | _aFifth edition | ||
| 260 |
_aKarachi (Pakistan) : _bParamount Books (Pvt.) Ltd., _c2024. |
||
| 300 |
_avii, 290 pages : _billustrations ; _c20 cm. |
||
| 650 | 0 |
_aPediatric emergencies. _9113628 |
|
| 650 | 2 |
_aEmergencies. _9126550 |
|
| 650 | 2 |
_aPediatrics. _9113391 |
|
| 700 | _9126853 | ||
| 942 |
_2ddc _cBK |
||
| 999 |
_c612288 _d612288 |
||